Mansfield Town... or Macclesfield Town? - Statistics

General Stats
  • This quiz has been taken 28 times
  • The average score is 6 of 10
Answer Stats
Question Answer % Correct
Its home stadium is known as Moss Rose Macclesfield Town
100%
Founded in 1897 Mansfield Town
88%
Wears blue and yellow home kits Mansfield Town
88%
Has the oldest stadium in the Football League Mansfield Town
75%
No longer exists Macclesfield Town
50%
Has never played in the second division of the English football league system Macclesfield Town
50%
Played in the Combination, a forerunner to the Football League Macclesfield Town
50%
Has never won or lost a game by more than seven goals Mansfield Town
38%
Has won the FA Trophy, a cup for the upper levels of non-league English football Both
25%
Has always had "Town" in its name Neither
25%
No matching quizzes found
Score Distribution
Percent of People with Each Score
Percentile by Number Answered
Your Score History
You have not taken this quiz